00286pab a2200121 454500008004000000100001900040245003800059260000900097300000900106362001100115650001800126773002000144180718b1998 xxu||||| |||| 00| 0 eng d aSrinivasan, K. aGovernment proposes, IAS disposes c1998 ap.12 a6 Sept aCivil service aHindustan Times